Μicrosoft Office Project 2003 : βήμα βήμα
Αποθηκεύτηκε σε:
| Κύριος συγγραφέας: | |
|---|---|
| Άλλοι συγγραφείς: | |
| Μορφή: | Βιβλίο |
| Γλώσσα: | Greek |
| Δημοσίευση: |
Αθήνα :
Κλειδάριθμος,
2004.
|
| Θέματα: | |
| Ετικέτες: |
Προσθήκη ετικέτας
Δεν υπάρχουν, Καταχωρήστε ετικέτα πρώτοι!
|
MARC
| LEADER | 00000cam a2200000 i 4500 | ||
|---|---|---|---|
| 001 | 1/51958 | ||
| 008 | 070821s2004 gr | ||| |||| ||gre|| | ||
| 020 | |a 9602097388 | ||
| 035 | |l 10089867 | ||
| 040 | |a GR-MyUa |b gre |e AACR2 | ||
| 041 | 0 | |a gre | |
| 082 | 7 | |a 005.5 |2 (22) | |
| 100 | 1 | |a Chatfield, Carl S., |d 1964- | |
| 245 | 1 | 0 | |a Μicrosoft Office Project 2003 : |b βήμα βήμα / |c Carl Chatfield and Timothy D. Johnson ; μεταφρασμένο από ομάδα μεταφραστών. |
| 260 | |a Αθήνα : |b Κλειδάριθμος, |c 2004. | ||
| 300 | |a 563 σ. : |b εικ. ; |c 25 εκ. | ||
| 500 | |a Μετάφραση του: Microsoft Office Project 2003 step by step. | ||
| 500 | |a Περιλαμβάνει ευρετήριο. | ||
| 630 | 0 | 0 | |a Microsoft Project. |
| 700 | 1 | |a Johnson, Timothy D., |d 1962- | |
| 852 | |a INST |b CHIOS |e 20070821 |h 005.5 CHA |p 005200025963 |q 005200025963 |t BK |y 0 | ||
| 852 | |a INST |b CHIOS |e 20070821 |h 005.5 CHA |p 005200028902 |q 005200028902 |t BK |y 0 | ||
| 901 | |a BIBL2-2007-2 | ||
| 922 | |a 2ΕΛΗ |b 200707 |c ΕΠΕΑΕΚ2/ΤΜΟΔ |d ΠΑΠΑΣΩΤΗΡΙΟΥ | ||
| 970 | |a ΒΑΡΦΗΣ |b ΒΑΓΓΕΛΗΣ |z 2007/08/21 | ||